<?xml version="1.0" encoding="UTF-8"?><record xmlns="http://www.loc.gov/MARC21/slim" xmlns:zs="http://docs.oasis-open.org/ns/search-ws/sruResponse">
  <leader>04009cas a2200889 a 4500</leader>
  <controlfield tag="001">11425868</controlfield>
  <controlfield tag="005">20251107151543.0</controlfield>
  <controlfield tag="008">931006d19932010nyuqr p       0   a0eng c</controlfield>
  <datafield ind1=" " ind2=" " tag="010">
    <subfield code="a">   93664388 </subfield>
  </datafield>
  <datafield ind1="7" ind2=" " tag="016">
    <subfield code="a">010488318</subfield>
    <subfield code="2">Uk</subfield>
  </datafield>
  <datafield ind1=" " ind2=" " tag="019">
    <subfield code="a">1011915898</subfield>
    <subfield code="a">1051607989</subfield>
    <subfield code="a">1078004163</subfield>
    <subfield code="a">1179432876</subfield>
    <subfield code="a">1206287902</subfield>
  </datafield>
  <datafield ind1="0" ind2=" " tag="022">
    <subfield code="a">1077-3711</subfield>
    <subfield code="2">1</subfield>
  </datafield>
  <datafield ind1="0" ind2=" " tag="023">
    <subfield code="a">1077-3711</subfield>
    <subfield code="2">1</subfield>
  </datafield>
  <datafield ind1="1" ind2=" " tag="029">
    <subfield code="a">AU@</subfield>
    <subfield code="b">000010653862</subfield>
  </datafield>
  <datafield ind1="1" ind2=" " tag="029">
    <subfield code="a">AU@</subfield>
    <subfield code="b">000022672580</subfield>
  </datafield>
  <datafield ind1=" " ind2=" " tag="035">
    <subfield code="a">(OCoLC)28945968</subfield>
  </datafield>
  <datafield ind1=" " ind2=" " tag="037">
    <subfield code="b">JBHE, 200 W. 57th St., New York, NY 10019</subfield>
  </datafield>
  <datafield ind1=" " ind2=" " tag="040">
    <subfield code="a">PBB</subfield>
    <subfield code="b">eng</subfield>
    <subfield code="c">PBB</subfield>
    <subfield code="d">DLC</subfield>
    <subfield code="d">WAU</subfield>
    <subfield code="d">NSD</subfield>
    <subfield code="d">EYM</subfield>
    <subfield code="d">IUL</subfield>
    <subfield code="d">NSD</subfield>
    <subfield code="d">IUL</subfield>
    <subfield code="d">GUA</subfield>
    <subfield code="d">IUL</subfield>
    <subfield code="d">DLC</subfield>
    <subfield code="d">CUS</subfield>
    <subfield code="d">OCL</subfield>
    <subfield code="d">SYS</subfield>
    <subfield code="d">OCL</subfield>
    <subfield code="d">WAU</subfield>
    <subfield code="d">NLGGC</subfield>
    <subfield code="d">NSD</subfield>
    <subfield code="d">OCLCQ</subfield>
    <subfield code="d">ZYU</subfield>
    <subfield code="d">UKMGB</subfield>
    <subfield code="d">DLC</subfield>
    <subfield code="d">OCLCF</subfield>
    <subfield code="d">P4I</subfield>
    <subfield code="d">EUW</subfield>
    <subfield code="d">OCLCQ</subfield>
    <subfield code="d">OCLCL</subfield>
    <subfield code="d">DLC</subfield>
    <subfield code="d">OCLCQ</subfield>
  </datafield>
  <datafield ind1=" " ind2=" " tag="042">
    <subfield code="a">pcc</subfield>
    <subfield code="a">nsdp</subfield>
  </datafield>
  <datafield ind1=" " ind2=" " tag="043">
    <subfield code="a">n-us---</subfield>
  </datafield>
  <datafield ind1="0" ind2="0" tag="050">
    <subfield code="a">LC2781</subfield>
    <subfield code="b">.J68</subfield>
  </datafield>
  <datafield ind1=" " ind2=" " tag="051">
    <subfield code="a">http://www.jstor.org/journals/10773711.html</subfield>
  </datafield>
  <datafield ind1="0" ind2="0" tag="082">
    <subfield code="a">378.1/982996073/05</subfield>
    <subfield code="2">20</subfield>
  </datafield>
  <datafield ind1="0" ind2=" " tag="210">
    <subfield code="a">J. blacks high. educ.</subfield>
  </datafield>
  <datafield ind1=" " ind2="4" tag="222">
    <subfield code="a">The Journal of blacks in higher education</subfield>
  </datafield>
  <datafield ind1="0" ind2="4" tag="245">
    <subfield code="a">The journal of blacks in higher education.</subfield>
  </datafield>
  <datafield ind1="1" ind2="6" tag="246">
    <subfield code="a">JBHE</subfield>
  </datafield>
  <datafield ind1=" " ind2=" " tag="260">
    <subfield code="a">New York, NY :</subfield>
    <subfield code="b">CH II Publishers,</subfield>
    <subfield code="c">©1993-</subfield>
  </datafield>
  <datafield ind1=" " ind2=" " tag="300">
    <subfield code="a">volumes :</subfield>
    <subfield code="b">illustrations ;</subfield>
    <subfield code="c">28 cm</subfield>
  </datafield>
  <datafield ind1=" " ind2=" " tag="310">
    <subfield code="a">Quarterly</subfield>
  </datafield>
  <datafield ind1=" " ind2=" " tag="336">
    <subfield code="a">text</subfield>
    <subfield code="b">txt</subfield>
    <subfield code="2">rdacontent</subfield>
  </datafield>
  <datafield ind1=" " ind2=" " tag="337">
    <subfield code="a">unmediated</subfield>
    <subfield code="b">n</subfield>
    <subfield code="2">rdamedia</subfield>
  </datafield>
  <datafield ind1=" " ind2=" " tag="338">
    <subfield code="a">volume</subfield>
    <subfield code="b">nc</subfield>
    <subfield code="2">rdacarrier</subfield>
  </datafield>
  <datafield ind1="0" ind2=" " tag="362">
    <subfield code="a">No. 1 (autumn 1993)-</subfield>
  </datafield>
  <datafield ind1="1" ind2=" " tag="362">
    <subfield code="a">Ceased with: No. 67 (spring 2010).</subfield>
  </datafield>
  <datafield ind1=" " ind2=" " tag="500">
    <subfield code="a">Publisher varies.</subfield>
  </datafield>
  <datafield ind1=" " ind2=" " tag="500">
    <subfield code="a">Occasional issue accompanied by audio compact disc.</subfield>
  </datafield>
  <datafield ind1=" " ind2=" " tag="500">
    <subfield code="a">Title from cover.</subfield>
  </datafield>
  <datafield ind1=" " ind2=" " tag="515">
    <subfield code="a">Volume for autumn 1993 called also inaugural issue.</subfield>
  </datafield>
  <datafield ind1=" " ind2=" " tag="530">
    <subfield code="a">Scanned images of back issues are available via the World Wide Web to subscribers of JSTOR.</subfield>
  </datafield>
  <datafield ind1=" " ind2=" " tag="530">
    <subfield code="a">Also issued by subscription via the World Wide Web.</subfield>
  </datafield>
  <datafield ind1=" " ind2=" " tag="588">
    <subfield code="a">Latest issue consulted: No. 67 (spring 2010) (surrogate).</subfield>
  </datafield>
  <datafield ind1=" " ind2="0" tag="650">
    <subfield code="a">African Americans</subfield>
    <subfield code="x">Education (Higher)</subfield>
    <subfield code="v">Periodicals.</subfield>
  </datafield>
  <datafield ind1=" " ind2="0" tag="650">
    <subfield code="a">African American college students</subfield>
    <subfield code="v">Periodicals.</subfield>
  </datafield>
  <datafield ind1=" " ind2="0" tag="650">
    <subfield code="a">African American college teachers</subfield>
    <subfield code="v">Periodicals.</subfield>
  </datafield>
  <datafield ind1=" " ind2="0" tag="650">
    <subfield code="a">African American college administrators</subfield>
    <subfield code="v">Periodicals.</subfield>
  </datafield>
  <datafield ind1=" " ind2="0" tag="650">
    <subfield code="a">African American universities and colleges</subfield>
    <subfield code="v">Periodicals.</subfield>
  </datafield>
  <datafield ind1=" " ind2="0" tag="650">
    <subfield code="a">College students, Black</subfield>
    <subfield code="z">United States</subfield>
    <subfield code="v">Periodicals.</subfield>
  </datafield>
  <datafield ind1=" " ind2="0" tag="650">
    <subfield code="a">College teachers, Black</subfield>
    <subfield code="z">United States</subfield>
    <subfield code="v">Periodicals.</subfield>
  </datafield>
  <datafield ind1=" " ind2="7" tag="650">
    <subfield code="a">African American college administrators.</subfield>
    <subfield code="2">fast</subfield>
    <subfield code="0">(OCoLC)fst00799099</subfield>
  </datafield>
  <datafield ind1=" " ind2="7" tag="650">
    <subfield code="a">African American college students.</subfield>
    <subfield code="2">fast</subfield>
    <subfield code="0">(OCoLC)fst00799102</subfield>
  </datafield>
  <datafield ind1=" " ind2="7" tag="650">
    <subfield code="a">African American college teachers.</subfield>
    <subfield code="2">fast</subfield>
    <subfield code="0">(OCoLC)fst00799112</subfield>
  </datafield>
  <datafield ind1=" " ind2="7" tag="650">
    <subfield code="a">African American universities and colleges.</subfield>
    <subfield code="2">fast</subfield>
    <subfield code="0">(OCoLC)fst00799426</subfield>
  </datafield>
  <datafield ind1=" " ind2="7" tag="650">
    <subfield code="a">African Americans</subfield>
    <subfield code="x">Education (Higher)</subfield>
    <subfield code="2">fast</subfield>
    <subfield code="0">(OCoLC)fst00799607</subfield>
  </datafield>
  <datafield ind1=" " ind2="7" tag="650">
    <subfield code="a">College students, Black.</subfield>
    <subfield code="2">fast</subfield>
    <subfield code="0">(OCoLC)fst00868108</subfield>
  </datafield>
  <datafield ind1=" " ind2="7" tag="650">
    <subfield code="a">College teachers, Black.</subfield>
    <subfield code="2">fast</subfield>
    <subfield code="0">(OCoLC)fst00868192</subfield>
  </datafield>
  <datafield ind1="1" ind2="7" tag="650">
    <subfield code="a">Onderwijsparticipatie.</subfield>
    <subfield code="2">gtt</subfield>
  </datafield>
  <datafield ind1="1" ind2="7" tag="650">
    <subfield code="a">Hoger onderwijs.</subfield>
    <subfield code="2">gtt</subfield>
  </datafield>
  <datafield ind1=" " ind2="7" tag="651">
    <subfield code="a">United States.</subfield>
    <subfield code="2">fast</subfield>
    <subfield code="0">(OCoLC)fst01204155</subfield>
    <subfield code="1">https://id.oclc.org/worldcat/entity/E39PBJtxgQXMWqmjMjjwXRHgrq</subfield>
  </datafield>
  <datafield ind1=" " ind2="7" tag="655">
    <subfield code="a">Periodicals.</subfield>
    <subfield code="2">fast</subfield>
    <subfield code="0">(OCoLC)fst01411641</subfield>
  </datafield>
  <datafield ind1="0" ind2="8" tag="776">
    <subfield code="i">Online version:</subfield>
    <subfield code="t">Journal of blacks in higher education</subfield>
    <subfield code="x">2326-6023</subfield>
    <subfield code="w">(DLC)sn 99023372</subfield>
    <subfield code="w">(OCoLC)40892795</subfield>
  </datafield>
  <datafield ind1=" " ind2=" " tag="850">
    <subfield code="a">DLC</subfield>
    <subfield code="a">GU</subfield>
    <subfield code="a">InU</subfield>
    <subfield code="a">MiU</subfield>
    <subfield code="a">WaU</subfield>
  </datafield>
  <datafield ind1="0" ind2="0" tag="853">
    <subfield code="8">1</subfield>
    <subfield code="a">no.</subfield>
    <subfield code="i">(year)</subfield>
    <subfield code="j">(season)</subfield>
  </datafield>
  <datafield ind1="4" ind2="1" tag="859">
    <subfield code="3">Back issues via JSTOR</subfield>
    <subfield code="u">http://www.jstor.org/journals/10773711.html</subfield>
  </datafield>
  <datafield ind1="4" ind2="0" tag="863">
    <subfield code="8">1</subfield>
    <subfield code="a">&lt;1&gt;-</subfield>
    <subfield code="i">&lt;1993&gt;-</subfield>
    <subfield code="x">provisional</subfield>
  </datafield>
  <datafield ind1=" " ind2=" " tag="906">
    <subfield code="a">7</subfield>
    <subfield code="b">cbc</subfield>
    <subfield code="c">serials</subfield>
    <subfield code="d">u</subfield>
    <subfield code="e">ncip</subfield>
    <subfield code="f">19</subfield>
    <subfield code="g">n-oclcserc</subfield>
  </datafield>
  <datafield ind1="0" ind2=" " tag="249">
    <subfield code="i">ACQUIRE Title:</subfield>
    <subfield code="a">Journal of blacks in higher education.</subfield>
  </datafield>
  <datafield ind1=" " ind2=" " tag="590">
    <subfield code="a">SERBIB/SERLOC merged record</subfield>
  </datafield>
  <datafield ind1=" " ind2=" " tag="592">
    <subfield code="a">ACQN: aq 95008483</subfield>
  </datafield>
  <datafield ind1=" " ind2=" " tag="890">
    <subfield code="a">Journal of; blacks in higher education.</subfield>
    <subfield code="i">93-664388</subfield>
  </datafield>
  <datafield ind1=" " ind2=" " tag="920">
    <subfield code="a">Keep 1</subfield>
  </datafield>
  <datafield ind1=" " ind2=" " tag="984">
    <subfield code="a">srvf</subfield>
  </datafield>
  <datafield ind1=" " ind2=" " tag="985">
    <subfield code="e">eserial 200406</subfield>
  </datafield>
  <datafield ind1=" " ind2=" " tag="991">
    <subfield code="b">c-GenColl</subfield>
    <subfield code="h">LC2781</subfield>
    <subfield code="i">.J68</subfield>
    <subfield code="w">SERIALS</subfield>
  </datafield>
  <datafield ind1=" " ind2=" " tag="991">
    <subfield code="b">c-GenColl</subfield>
    <subfield code="h">http://www.jstor.org/journals/10773711.html</subfield>
    <subfield code="t">ELECTRONIC COPY</subfield>
    <subfield code="w">SERIALS</subfield>
  </datafield>
  <datafield ind1=" " ind2=" " tag="991">
    <subfield code="b">c-GenColl</subfield>
    <subfield code="h">LC2781</subfield>
    <subfield code="i">.J68</subfield>
    <subfield code="p">00058591014</subfield>
    <subfield code="t">Copy 1</subfield>
    <subfield code="v">4-6 * 1994</subfield>
    <subfield code="w">CCF</subfield>
  </datafield>
  <datafield ind1=" " ind2=" " tag="992">
    <subfield code="b">SER</subfield>
    <subfield code="w">SERLOC</subfield>
  </datafield>
</record>
